Adhesion Aspects of Thin Films (Record no. 594742)

000 -LEADER
fixed length control field 00343nam a22001457a 4500
020 ## - INTERNATIONAL STANDARD BOOK NUMBER
International Standard Book Number 9067644218
040 ## - CATALOGING SOURCE
Transcribing agency NUST
082 ## - DEWEY DECIMAL CLASSIFICATION NUMBER
Classification number 621.38152 ADH
100 ## - MAIN ENTRY--PERSONAL NAME
Personal name Mittal, K.L
245 ## - TITLE STATEMENT
Title Adhesion Aspects of Thin Films
250 ## - EDITION STATEMENT
Remainder of edition statement Volume 2
260 ## - PUBLICATION, DISTRIBUTION, ETC.
Place of publication, distribution, etc. Boston:
Name of publisher, distributor, etc. VSP,
Date of publication, distribution, etc. 2005.
650 ## - SUBJECT ADDED ENTRY--TOPICAL TERM
Topical term or geographic name entry element Adhesion Aspects of Thin Films
942 ## - ADDED ENTRY ELEMENTS (KOHA)
Source of classification or shelving scheme
Koha item type Book
Holdings
Withdrawn status Lost status Source of classification or shelving scheme Damaged status Not for loan Permanent Location Current Location Shelving location Date acquired Total Checkouts Full call number Barcode Date last seen Price effective from Koha item type
          College of Electrical & Mechanical Engineering (CEME) College of Electrical & Mechanical Engineering (CEME) General Stacks 05/15/2023   621.38152 ADH CEME-45718 05/15/2023 05/15/2023 Book
          College of Electrical & Mechanical Engineering (CEME) College of Electrical & Mechanical Engineering (CEME) General Stacks 05/15/2023   621.38152 ADH CEME-45717 05/15/2023 05/15/2023 Book
© 2023 Central Library, National University of Sciences and Technology. All Rights Reserved.